| 000 | 00911nam a2200241 a 4500 | ||
|---|---|---|---|
| 001 | 17941 | ||
| 003 | CO-ViMGA | ||
| 008 | 141112s2004 ck r 000 u spa d | ||
| 020 | _a9589674917 | ||
| 040 |
_aCO-ViMGA _bspa _cCO-ViMGA |
||
| 082 | 0 | 4 | _a597.0986 C177c |
| 100 | 1 |
_aCastaño Uribe, Carlos; Torres Rivera, Diego _925392 |
|
| 245 | 1 | 0 | _aColombia . Universo Submarino |
| 260 |
_aBogotá, _cBanco de Occidente, _c2000 |
||
| 300 | _a205.p. | ||
| 505 | _aEl orígen del planeta azul Gaografia oceánica El regimen oceánico Ecosistemas y ciclos oceánicos La vida marina Oceanos y mares de Colombia Los mensajes del mar Nuestro patrimonio marítimo | ||
| 590 | _aForma de adquisición : Premio - Mincultura | ||
| 650 | 1 | 4 |
_aECOSISTEMAS MARINOS _925393 |
| 650 | 1 | 4 |
_aFAUNA MARINA _98577 |
| 650 | 1 | 4 |
_aPECES - DISTRIBUCION GEOGRAFICA _925394 |
| 650 | 1 | 4 |
_aPECES MARINOS - COLOMBIA _925395 |
| 942 |
_2ddc _cBK |
||
| 999 |
_c27340 _d27340 |
||